历史的回答: (Record no. 54)
[ view plain ]
| 000 -LEADER | |
|---|---|
| fixed length control field | 00979nam a2200265Ia 4500 |
| 003 - CONTROL NUMBER IDENTIFIER | |
| control field | OSt |
| 005 - DATE AND TIME OF LATEST TRANSACTION | |
| control field | 20241010104828.0 |
| 008 - FIXED-LENGTH DATA ELEMENTS--GENERAL INFORMATION | |
| fixed length control field | 200731s9999 xx 000 0 und d |
| 020 ## - INTERNATIONAL STANDARD BOOK NUMBER | |
| International Standard Book Number | 730305894x |
| 040 ## - CATALOGING SOURCE | |
| Transcribing agency | 0 |
| 041 ## - LANGUAGE CODE | |
| Language code of text/sound track or separate title | chi |
| 050 ## - LIBRARY OF CONGRESS CALL NUMBER | |
| Classification number | DS773.94 |
| Item number | .G664 2001 |
| 100 ## - MAIN ENTRY--PERSONAL NAME | |
| Personal name | 龚书铎 |
| 245 ## - TITLE STATEMENT | |
| Title | 历史的回答: |
| Remainder of title | 中国近代史研究中的几个原则争论 / |
| Statement of responsibility, etc. | 龚书铎, 金冲, 宋小庆著 |
| 246 ## - VARYING FORM OF TITLE | |
| Title proper/short title | 歷史的回答 : |
| Remainder of title | 中國近代史研究中的幾個原則爭論/ |
| 260 ## - PUBLICATION, DISTRIBUTION, ETC. | |
| Place of publication, distribution, etc. | 北京: |
| Name of publisher, distributor, etc. | 北京师范大学出版社, |
| Date of publication, distribution, etc. | 2001 |
| 300 ## - PHYSICAL DESCRIPTION | |
| Extent | 2, 4, 288 p. |
| Other physical details | ; |
| Dimensions | 21 cm. |
| 505 ## - FORMATTED CONTENTS NOTE | |
| Formatted contents note | 本书共有8章,包括:“世界历史进程中的殖民化与现代化”、“近代中国的社会性质”、“中国近代的反侵略斗争”、“近代中国的革命”等。 |
| 650 ## - SUBJECT ADDED ENTRY--TOPICAL TERM | |
| Topical term or geographic name entry element | China -- History -- 20th century -- Historiography. |
| 650 ## - SUBJECT ADDED ENTRY--TOPICAL TERM | |
| Topical term or geographic name entry element | China. |
| 650 ## - SUBJECT ADDED ENTRY--TOPICAL TERM | |
| Topical term or geographic name entry element | Historiography. |
| 700 ## - ADDED ENTRY--PERSONAL NAME | |
| Personal name | 宋小庆 |
| 700 ## - ADDED ENTRY--PERSONAL NAME | |
| Personal name | 金冲 |
| 942 ## - ADDED ENTRY ELEMENTS (KOHA) | |
| Source of classification or shelving scheme | |
| Koha item type | Chinese Book |
| Withdrawn status | Lost status | Damaged status | Not for loan | Home library | Current library | Shelving location | Date acquired | Total Checkouts | Full call number | Barcode | Date last seen | Price effective from | Koha item type |
|---|---|---|---|---|---|---|---|---|---|---|---|---|---|
| GETS Theological Seminary Library | GETS Theological Seminary Library | General Stacks | 07/09/2020 | DS773.94 .G664 2001 | 00000054 | 07/09/2020 | 07/09/2020 | Chinese Book |